| 000 | 00911nam a22002417a 4500 | ||
|---|---|---|---|
| 999 |
_c65070 _d65070 |
||
| 005 | 20240530110805.0 | ||
| 008 | 190226s2018 ua f f 000 | ara d | ||
| 017 |
_a2018/14690 _bمصر. دار الكتب |
||
| 020 | _a9789774464929 | ||
| 040 |
_aEG-CaGPL _cEG-CaGPL |
||
| 082 | 0 | 4 |
_221 _a791.4363/ _bم ل |
| 100 | 0 | _aمحمود قاسم | |
| 245 | 1 | 2 |
_aاللوحة والشاشة : _bقراءة فى علاقة السينما بالفن التشكيلى / _cمحمود قاسم |
| 260 |
_aالقاهرة : _bوكالة الصحافة العربية ( ناشرون )، _c2018. |
||
| 300 |
_a230 ص. : _bايض ؛ _c19 سم. |
||
| 650 | 0 | 7 |
_2qrmak _aالسينما |
| 650 | 0 | 7 |
_2qrmak _aالافلام السينمائية |
| 650 | 0 | 7 |
_2qrmak _aالفن التشكيلى |
| 651 | _2qrmak | ||
| 653 | 0 | _aالفن التشكيلى - سينما | |
| 942 |
_2ddc _cBK |
||